[Event "Chicago op U2300 18th"]
[Site "Chicago"]
[Date "2009.05.23"]
[Round "2"]
[White "Pappu, Ananth"]
[Black "Rowley, Robert"]
[Result "1/2-1/2"]
[WhiteElo "2163"]
[BlackElo "2200"]
[PlyCount "114"]
[EventDate "2009.05.22"]
[EventType "swiss"]
[EventRounds "7"]
[EventCountry "USA"]
[SourceTitle "CBM 130 Extra"]
[Source "ChessBase"]
[SourceDate "2009.07.02"]
[SourceVersion "2"]
[SourceVersionDate "2009.07.15"]
[SourceQuality "1"]

1. e4 c6 2. d4 d5 3. Nc3 dxe4 4. Nxe4 Bf5 5. Ng3 Bg6 6. h4 h6 7. Nf3 Nd7 8. h5 Bh7 9. Bd3 Bxd3 10. Qxd3 e6 11. Bf4 Ngf6 12. 0-0-0 Be7 13. Kb1 0-0 14. Ne4 Nxe4 15. Qxe4 Nf6 16. Qe2 Qd5 17. Ne5 Qe4 18. Be3 Nd5 19. Rh3 Rad8 20. Rg3 Bg5 21. Rg4 Qf5 22. Bxg5 hxg5 23. Qf3 f6 24. Ng6 Qxf3 25. gxf3 Rfe8 26. Kc1 Kf7 27. Rdg1 Ne7 28. c3 Nxg6 29. hxg6+ Kxg6 30. f4 Rd5 31. fxg5 Rxg5 32. Rxg5+ fxg5 33. f4 Rh8 34. Rxg5+ Kf6 35. Kd2 Rh2+ 36. Ke3 Rxb2 37. Ra5 a6 38. Ke4 Rb5 39. Ra4 g5 40. fxg5+ Rxg5 41. Ra3 Rh5 42. Rb3 Rb5 43. Ra3 Rh5 44. Rb3 b5 45. Ra3 Rh4+ 46. Kd3 Rh3+ 47. Kd2 b4 48. Rxa6 Rxc3 49. Rb6 Ra3 50. Rxc6 Kf5 51. Rc5+ Ke4 52. Re5+ Kxd4 53. Rxe6 Rxa2+ 54. Kc1 Kc4 55. Kb1 Rd2 56. Re3 Rd3 57. Rxd3 Kxd3 1/2-1/2

[Event "King's Island op"]
[Site "King's Island"]
[Date "2006.11.12"]
[Round "5"]
[White "Mc Donald, Jordan"]
[Black "Pappu, Ananth"]
[Result "0-1"]
[WhiteElo "2018"]
[BlackElo "2221"]
[PlyCount "142"]
[EventDate "2006.11.10"]
[EventType "swiss"]
[EventRounds "5"]
[EventCountry "USA"]
[SourceTitle "CBM 115 Extra"]
[Source "ChessBase"]
[SourceDate "2007.01.10"]
[SourceVersion "1"]
[SourceVersionDate "2007.01.10"]
[SourceQuality "1"]

1. e4 e6 2. d4 d5 3. exd5 exd5 4. c4 Nf6 5. Nc3 c6 6. Bd3 Be7 7. Nge2 dxc4 8. Bxc4 Nbd7 9. 0-0 Nb6 10. Bb3 Nbd5 11. a3 Be6 12. f4 Qd7 13. Ng3 Nb6 14. Bxe6 Qxe6 15. Re1 Qd7 16. Qd3 0-0-0 17. b4 Rhe8 18. Nce2 Kb8 19. Qc2 h5 20. Nf5 Bf8 21. Bb2 g6 22. Nh4 Nfd5 23. f5 g5 24. Nf3 f6 25. Ng3 h4 26. Nf1 Bd6 27. Rad1 Bc7 28. Bc1 Qd6 29. Qc5 Qd7 30. Qc2 Nc8 31. Ne3 Nce7 32. Nxd5 Nxd5 33. Re6 Rxe6 34. fxe6 Qxe6 35. Re1 Qg4 36. Qe4 Qxe4 37. Rxe4 Rg8 38. Kf2 Kc8 39. g3 hxg3+ 40. hxg3 Kd7 41. g4 a5 42. Bd2 axb4 43. Bxb4 Nxb4 44. axb4 Bd6 45. b5 cxb5 46. d5 Re8 47. Rxe8 Kxe8 48. Ke2 Be5 49. Kd3 Ke7 50. Nd2 Kd6 51. Ke4 b6 52. Nb3 b4 53. Nc1 Bb2 54. Nb3 Bc3 55. Nc1 Be5 56. Nb3 Bc3 57. Nc1 Kc5 58. Nd3+ Kd6 59. Nc1 Be1 60. Kd4 Bf2+ 61. Ke4 b5 62. Nd3 b3 63. Nb2 Bb6 64. Nd1 Bg1 65. Nc3 b4 66. Nb1 b2 67. Nd2 Kc5 68. Nb1 Kc4 69. d6 Bb6 70. d7 Kb3 71. Kd3 Ka2 0-1

[Event "King's Island op"]
[Site "King's Island"]
[Date "2006.11.11"]
[Round "3"]
[White "Andrews, Todd D"]
[Black "Pappu, Ananth"]
[Result "1/2-1/2"]
[WhiteElo "2359"]
[BlackElo "2221"]
[PlyCount "45"]
[EventDate "2006.11.10"]
[EventType "swiss"]
[EventRounds "5"]
[EventCountry "USA"]
[SourceTitle "CBM 115 Extra"]
[Source "ChessBase"]
[SourceDate "2007.01.10"]
[SourceVersion "1"]
[SourceVersionDate "2007.01.10"]
[SourceQuality "1"]

1. d4 Nf6 2. c4 d6 3. Nf3 g6 4. Nc3 Bg7 5. e4 0-0 6. Be2 e5 7. 0-0 Nc6 8. d5 Ne7 9. b4 Nh5 10. Re1 f5 11. Ng5 Nf6 12. Bf3 h6 13. Ne6 Bxe6 14. dxe6 c6 15. b5 fxe4 16. Bxe4 d5 17. cxd5 cxd5 18. Ba3 Nxe4 19. Nxe4 dxe4 20. Qxd8 Rfxd8 21. Bxe7 Re8 22. Bb4 Rxe6 23. Rxe4 1/2-1/2

[Event "King's Island op"]
[Site "King's Island"]
[Date "2006.11.11"]
[Round "2"]
[White "Pappu, Ananth"]
[Black "Berkovich, Dmitry"]
[Result "1/2-1/2"]
[WhiteElo "2221"]
[BlackElo "2444"]
[PlyCount "70"]
[EventDate "2006.11.10"]
[EventType "swiss"]
[EventRounds "5"]
[EventCountry "USA"]
[SourceTitle "CBM 115 Extra"]
[Source "ChessBase"]
[SourceDate "2007.01.10"]
[SourceVersion "1"]
[SourceVersionDate "2007.01.10"]
[SourceQuality "1"]

1. e4 c5 2. Nc3 a6 3. g3 h5 4. h3 e6 5. Bg2 Nc6 6. d3 Nge7 7. f4 d5 8. Nf3 b5 9. 0-0 Bb7 10. Nh4 Qd7 11. f5 d4 12. Ne2 Ne5 13. fxe6 fxe6 14. Bg5 Nf7 15. Bxe7 Bxe7 16. Ng6 Rh6 17. Nxe7 Qxe7 18. a4 b4 19. b3 e5 20. Qd2 Bc8 21. Kh2 Be6 22. Rf2 0-0-0 23. Raf1 Rg6 24. Ng1 h4 25. g4 Rh8 26. Bf3 a5 27. Rg2 Rf6 28. Rgf2 Rf8 29. Bg2 Rg6 30. Nf3 Rh8 31. Ng1 Kb8 32. Bf3 Qd7 33. Be2 Qe7 34. Bf3 Ng5 35. Bg2 Nf7 1/2-1/2

[Event "King's Island op"]
[Site "King's Island"]
[Date "2006.11.10"]
[Round "1"]
[White "Baxter, Ken J"]
[Black "Pappu, Ananth"]
[Result "0-1"]
[WhiteElo "1953"]
[BlackElo "2221"]
[PlyCount "86"]
[EventDate "2006.11.10"]
[EventType "swiss"]
[EventRounds "5"]
[EventCountry "USA"]
[SourceTitle "CBM 115 Extra"]
[Source "ChessBase"]
[SourceDate "2007.01.10"]
[SourceVersion "1"]
[SourceVersionDate "2007.01.10"]
[SourceQuality "1"]

1. e4 e6 2. d3 d5 3. Nd2 Nc6 4. Ngf3 Nf6 5. g3 dxe4 6. dxe4 e5 7. Bg2 Bc5 8. 0-0 0-0 9. Qe2 Qe7 10. Nb3 Bb6 11. Be3 Bg4 12. c3 Rfd8 13. Rfd1 h6 14. h3 Be6 15. Nh4 Rxd1+ 16. Rxd1 Rd8 17. Nf5 Rxd1+ 18. Qxd1 Bxf5 19. exf5 Bxe3 20. fxe3 e4 21. Nd4 Qc5 22. g4 Ne5 23. Qe2 a6 24. Nb3 Qd5 25. Nd2 Qxa2 26. Nxe4 Qb1+ 27. Qf1 Qxb2 28. Qd1 Nxe4 29. Bxe4 Qxc3 30. Qd8+ Kh7 31. f6+ g6 32. Kf2 Qb2+ 33. Kg3 Qe2 34. Qd4 Nc4 35. Bxg6+ Kxg6 36. Qe4+ Kxf6 37. Qf4+ Kg6 38. Qe4+ Kg7 39. Qd4+ Kg8 40. Qd8+ Kh7 41. Qxc7 Qxe3+ 42. Kg2 Qe2+ 43. Kg3 Qe5+ 0-1